000 00457cam a2200181ua 4500
001 6783
008 140213n ii |||gr||||Z||||||eng
040 _cMAIN
082 _a651
245 _aSecretarial practice
_cBy S.M. Shukla
260 _aDelhi:
_bSBD publishers distributors,
_c1999.
300 _ax,279p.
653 _aCommerce
653 _aSecretarial practice
700 _aShukla,S.M.,
_eAuthor.,
700 1 _aSaxena,R.S.,
_eAuthor.
942 _cBK
999 _c5931
_d5931